| 000 | 00499cam a22002052a 4500 | ||
|---|---|---|---|
| 001 | 024204 | ||
| 003 | AR-FADEU | ||
| 008 | 311216n1988####xxu####################dd | ||
| 020 | _a84-267-0718-1 | ||
| 092 |
_a658.568 _bP762 _eBDT |
||
| 100 | _aPola Maseda, Angel | ||
| 245 | _aGestión de la calidad | ||
| 260 | _aBarcelona | ||
| 260 | _bMarcombo | ||
| 260 | _c1988 | ||
| 300 | _a117 p. ; il. col | ||
| 440 |
_aProductica _n18 |
||
| 650 | _aGESTION DE CALIDAD; CALIDAD/BDT/ | ||
| 942 | _cBDT | ||
| 999 |
_c29893 _d29893 |
||